Online
Catalog

Hombres de Trujillo / (Record no. 1814)

MARC details
000 -CABECERA
campo de control de longitud fija 01380nam a2200265 u 4500
001 - NÚMERO DE CONTROL
campo de control 000001948
003 - IDENTIFICADOR DEL NÚMERO DE CONTROL
campo de control DO-SdBNP
005 - FECHA Y HORA DE LA ÚLTIMA TRANSACCIÓN
campo de control 20250618114720.0
008 - DATOS DE LONGITUD FIJA--INFORMACIÓN GENERAL
campo de control de longitud fija 090630s2006 dr ac r 000 0 spa d
020 ## - NÚMERO INTERNACIONAL ESTÁNDAR DEL LIBRO
Número Internacional Estándar del Libro 9945408062
040 ## - FUENTE DE LA CATALOGACIÓN
Centro catalogador/agencia de origen DO-SdBNP
Lengua de catalogación spa
Centro/agencia transcriptor BNPHU
082 ## - NÚMERO DE LA CLASIFICACIÓN DECIMAL DEWEY
Número de clasificación 923.2
Número de documento/Ítem C957h
Número de edición 22
100 1# - ENTRADA PRINCIPAL--NOMBRE DE PERSONA
Nombre de persona Cruz Infante, José A.,
Forma completa/desarrollada del nombre (José Abigail)
9 (RLIN) 2460
245 10 - MENCIÓN DE TÍTULO
Título Hombres de Trujillo /
Mención de responsabilidad, etc. José Abigaíl Cruz Infante ; prólogo Juan Daniel Balcácer.
260 ## - PUBLICACIÓN, DISTRIBUCIÓN, ETC.
Lugar de publicación, distribución, etc. Santo Domingo :
Nombre del editor, distribuidor, etc. Letra gráfica,
Fecha de publicación, distribución, etc. 2006.
300 ## - DESCRIPCIÓN FÍSICA
Extensión 173 p. :
Otras características físicas il., retrs. ;
Dimensiones 23 cm.
500 ## - NOTA GENERAL
Nota general Incluye datos biográficos del autor en la solapa de la cubierta
504 ## - NOTA DE BIBLIOGRAFÍA, ETC.
Nota de bibliografía, etc. Bibliografía : p. 171-173
505 2# - NOTA DE CONTENIDO CON FORMATO
Nota de contenido con formato Liminar -- Prólogo -- Funcionarios civiles y militares de Trujillo, vistos por Ximpa en 1934. Álbum homenaje a Trujillo --- Rafael Vidal Torres -- Mario Fermín Cabral -- General José Estrella -- Víctor Garrido Puello -- Anselmo Paulino -- Arturo Logroño -- Manuel de Moya Alonzo -- Manuel Arturo Peña Batlle -- Virgilio Álvarez Pina -- Félix W. Bernardino -- Álbum de Trujillo -- Bibliografía consultada.
600 10 - PUNTO DE ACCESO ADICIONAL DE MATERIA--NOMBRE DE PERSONA
Nombre de persona Trujillo Molina, Rafael Leónidas,
Fechas asociadas al nombre 1891-1961
9 (RLIN) 76764
650 14 - PUNTO DE ACCESO ADICIONAL DE MATERIA--TÉRMINO DE MATERIA
Término de materia o nombre geográfico como elemento de entrada Políticos
Subdivisión geográfica República Dominicana
Subdivisión de forma Biografías
9 (RLIN) 6328
700 1# - PUNTO DE ACCESO ADICIONAL--NOMBRE DE PERSONA
Nombre de persona Balcácer, Juan Daniel,
Fechas asociadas al nombre 1949-
Término indicativo de función/relación pról.
9 (RLIN) 6566
910 ## - DATOS DE OPCIÓN DEL USUARIO (OCLC)
Datos de opción del usuario Validado. Control de calidad MMOLINA
942 ## - ELEMENTOS DE PUNTO DE ACCESO ADICIONAL (KOHA)
Fuente del sistema de clasificación o colocación Dewey Decimal Classification
Tipo de ítem Koha Libro
Holdings
Estado de retiro Estado de pérdida Restricciones de uso No para préstamo Código de colección Localización permanente Ubicación/localización actual Ubicación en estantería Fecha de adquisición Número de inventario Total de préstamos Signatura topográfica completa Código de barras Fecha visto por última vez Número de copia Precio válido a partir de Tipo de ítem Koha
        Dominicana de Servicio General General Depósito 30.06.2009 LF1   923.2 C957h 1948-30 25.06.2020 e. 3 25.06.2020 Libro y Folleto Colección Dominicana de Servicio
        Dominicana de Servicio General General Depósito 21.09.2010 LF1   923.2 C957h 1948-40 25.06.2020 e. 4 25.06.2020 Libro y Folleto Colección Dominicana de Servicio
        Dominicana de Servicio General General Depósito 21.09.2010 LF1   923.2 C957h 1948-50 25.06.2020 e. 5 25.06.2020 Libro y Folleto Colección Dominicana de Servicio
        Patrimonio Dominicano Patrimonio Dominicano Patrimonio Dominicano Depósito 30.06.2009 LF1   923.2 C957h 1948-10 25.06.2020   25.06.2020 Libro y Folleto Colección Patrimonio Dominicano
      Excluido de préstamo Patrimonio Dominicano Patrimonio Dominicano Patrimonio Dominicano Depósito 30.06.2009 LF1   923.2 C957h 1948-20 25.06.2020 e. 2 25.06.2020 Libro y Folleto Colección Patrimonio Dominicano

Powered by Koha